000 00804nam a2200229Ii 4500
003 JO-AjNU
008 230605s9999||||xx |||||||||||||| ||und||
017 _a83/2798
020 _a977-10-0055-1
040 _aJO-AjNU
_bara
_erda
_cJO-AjNU
041 _aara
050 1 4 _aPJ6161.S2952 1982
100 3 _aتاليف السيد،شفيع,
_eauthor
_915496
245 0 0 _aالتعبير البياني رؤية بلاغية نقدية
250 _aط2:مزيده ومنقحة
264 3 1 _aالقاهرة:شركة دار صفاء للطباعة، 1982
300 _a166ص
336 _atext
_btxt
_2rdacontent
337 _aunmediated
_bn
_2rdamedia
338 _avolume
_bnc
_2rdacarrier
650 4 _aالتعبير البياني-التعبير البياني رؤية بلاغية نقدية
_915497
999 _aA4391
_c7959
_d7959